| 000 | 00725nam a2200229 a 4500 | ||
|---|---|---|---|
| 001 | BRCA_8235 | ||
| 005 | 20190320210204.0 | ||
| 008 | 230514s1957----ne-a###f##---#000-0#dut-# | ||
| 041 | _adut | ||
| 044 | _ane | ||
| 050 | 4 |
_aNK947 _b.R5 1957 |
|
| 110 | 2 |
_aRijksmuseum _920534 |
|
| 245 | 1 | 0 |
_aVan gotiek tot empire _bfranse meesterwerken uit het Musée des Arts Décoratifs te Parijs _cRijksmuseum. |
| 260 |
_aAmsterdam _bRijksmuseum _c1957 |
||
| 300 |
_a100 p. _bil., 64 láminas _c19 cm. |
||
| 500 | _aT28e | ||
| 610 | 2 | 4 |
_aMusée des Arts Décoratifs de Paris _vExposiciones _zFrancia _920535 |
| 650 | 1 | 4 |
_aArte gótico _vExposiciones _912894 |
| 650 | 1 | 4 |
_aArte imperial _vExposiciones _920536 |
| 902 | _aGFM | ||
| 942 |
_2lcc _cB |
||
| 999 |
_c7903 _d7903 |
||